| 000 | 01256nam0a22003011 4500 | ||
|---|---|---|---|
| 001 | rc\893030 | ||
| 005 | 20250622032932.0 | ||
| 035 | _a(NLR Aleph) 006069413 | ||
| 090 |
_a4987658 _c4987658 |
||
| 100 | _a20041129d1984 |||y0rusy50 ca | ||
| 101 | 0 | _arus | |
| 102 | _aRU | ||
| 105 | _aa ||||||||| | ||
| 200 | 1 |
_aПереработка титанового скрапа _fС.С. Кипарисов, А.Л. Бескин, А.П. Петров |
|
| 210 |
_aМ. _cЦНИИцветмет экономики и информ. _d1984 |
||
| 215 |
_a55 с. _cил. _d20 |
||
| 225 | 1 |
_aВторичная металлургия цветных металлов _eОбзор. информ. _fЦНИИ экономики и информ. цв. металлургии _vВып. 1 |
|
| 300 | _aНа обл. авт. не указаны | ||
| 300 | _aВ надзаг. также: М-во цв. металлургии СССР | ||
| 320 | _aБиблиогр.: с. 50-54 | ||
| 700 | 1 |
_aКипарисов _bС.С. _f1924- _gСергей Сергеевич |
|
| 701 | 1 |
_aБескин _bА.Л. _gАдрей Леонидович |
|
| 701 | 1 |
_aПетров _bА.П. |
|
| 801 | 0 |
_aRU _bNLR _gpsbo |
|
| 801 | 1 |
_aRU _bELAR _2rusmarc |
|
| 852 |
_aNLR _jП10/5592 |
||
| 942 | _cBOOK | ||
| 980 | _aNB | ||